000 00755nam a22002417a 4500
001 789
005 20230707152329.0
008 230707b cb ||||| |||| 00| 0 eng d
020 _a9780545137249
040 _aFISKH
_beng
_cFISKH
_dFISKH
082 _a550
100 _aMartin, Justin McCory
245 _aTornadoes /
_cMartin, Justin McCory
250 _aFirst printing, November 2009
260 _aNew York :
_bScholastic,
_c2009.
300 _a16 pages :
_billustrations,
_c23 cm.
505 _aJ
520 _aTornadoes twist, turn, and tear through the air! This book is packed with facts about these whirling storms
521 _a480
_bLexile
521 _aJ
_bRaz-Plus
650 _aWeather
_vNature
942 _2ddc
_cBK
_n0
999 _c789
_d789